000 00730nam a2200229 a 4500
001 BRCA_4155
005 20190320204550.0
008 050510s196?----gw-a######---#000-0#spa-#
041 _aspa
044 _agw
050 4 _aND450
_b.P55 1960
245 1 0 _aPintura europea en museos alemanes II
_bmaestros del siglo XIX
_ceditado por Ludwig Grote.
260 _aMúnich, Alemania
_bPrestel
_c196-?
300 _a1 v. (sin paginación)
_bil. (algunas a color)
_c20 cm.
500 _aIncluye índice de museos e índice de láminas
500 _aC186
650 1 4 _aGalerías y museos
_zAlemania
_95059
650 1 4 _aPinturas europeas
_vExposiciones
_910739
700 1 _aGrote, Ludwig
_eed.
_910740
902 _aGFM
942 _2lcc
_cB
999 _c3871
_d3871